00387nam a2200121Ia 4500003000400000005001700004008004100021040001800062041000800080100004900088245009500137260003300232OSt20260128102941.0211028s2017 xx 000 0 und d cAIMIT LIBRARY aeng aBalakrishnan, Shilpa; Rose, Swapna.g1516152 aStudy on stress management of teaching staff and non teaching staff at the Mother school / aMangalorebSwapna Rosec2017